000 00438cam a2200169ua 4500
020 _c4.50
041 _amal
_h
082 _a894.812308
_bBAL/KA
100 _aBalakrishnan, K .
245 _aKalayalavu oru varsham /
_cK Balakrishnan.
_hTextual Documents
260 _aKottayam :
_bSahitya Pravarthaka Co-operative Society ,
_c1970.
300 _a262 ; .
365 _a4.50
504 _a
942 _cBK
999 _c4277
_d4277